000 00572nam a2200229Ia 4500
003 OSt
005 20221005130141.0
006 a|||||r|||| 00| 0
007 ta
008 221004b |||||||| |||| 00| 0 ben d
024 _a62479
037 _cTextual
040 _aCRL
_cCRL
_bben
041 _2ben
_aben
082 _aO157:g, 33M9
100 _aRao M. Rama Tr.
_9637665
245 0 _aRaja ramaamhana Roy
260 _c1989
650 _aBENGALI LITERATURE
942 _hO157:g, 33M9
_cTEXL
_2cc
999 _c1056248
_d1056248